A Z és a Baby Boomer generáció kultúrafogyasztási szokásai
| Szerző: | |
|---|---|
| További közreműködők: | |
| Dokumentumtípus: | Diplomadolgozat |
| Kulcsszavak: | digitális kultúra digitális média közösségi média kulturális különbségek kultúra médiafogyasztási szokások Z generáció |
| Online Access: | http://dolgozattar.uni-bge.hu/59547 |
MARC
| LEADER | 00000nta a2200000 i 4500 | ||
|---|---|---|---|
| 001 | dolg59547 | ||
| 005 | 20260409145219.0 | ||
| 008 | 260409suuuu hu om 000 hun d | ||
| 040 | |a BGE Dolgozattár Repozitórium |b hun | ||
| 041 | |a hu | ||
| 100 | 1 | |a Új Adrienn | |
| 245 | 1 | 2 | |a A Z és a Baby Boomer generáció kultúrafogyasztási szokásai |c Új Adrienn |h [elektronikus dokumentum] |
| 520 | 3 | |a A szakdolgozatom célja a különböző generációk, azon belül a Z és a Baby Boomer generációk kultúrafogyasztásának részletes összehasonlító elemzése. Ezen belül több témát is érintek. A generációk ismertetése után, áttérek a kultúrafogyasztás definiálására, majd általános jellemzést írok róla, bemutatom a kultúrafogyasztás formáit és a befolyásoló tényezőket. Ezek után a szabadidő fogalmát fejtem ki, majd áttekintem a különféle szabadidős tevékenységeket, az idősek otthoni programjai és a fiatalok digitális tevékenységei között. Kiemelt szerepet kap a szakdolgozatomban a technológia fejlődésének hatása a két generációra és kultúrafogyasztási szokásaikra. Bemutatom, hogyan formálta át a Baby Boomer és Z generáció mindennapi életét a televízió megjelenése, az internet elterjedése, a digitális eszközök és a közösségi média térnyerése. Ebben a részben kitérek a FoMo jelenségre is, mely a Z generációt érinti leginkább a közösségi média használatával összefüggésben. Ismertetem az olvasási szokásokat, annak változásait a digitális technológia elterjedésével, különösen a Z generáció tekintetében. A médiafogyasztás témája is részletesen tárgyalva van a dolgozatomban, bemutatva a médiahasználati szokásokat, majd kifejtem a pozitív és negatív hatásait is. A digitális médiumok népszerűvé válása, illetve a streaming szolgáltatások hatásai is elemzésre kerülnek. Kitérek a digitális szakadék fogalmára és hogy milyen különbségek vannak az infokommunikációs technológiák használatában a két generáció között. Említésre kerül a Baby Boomer generáció nyitottsága a Z generáció szokásai felé, hogy mennyire fogadják be az új technológiákat. Összefoglalva, a szakdolgozatom egy átfogó képet ad a generációk közti különbségekről a digitális világban. | |
| 695 | |a digitális kultúra | ||
| 695 | |a digitális média | ||
| 695 | |a közösségi média | ||
| 695 | |a kulturális különbségek | ||
| 695 | |a kultúra | ||
| 695 | |a médiafogyasztási szokások | ||
| 695 | |a Z generáció | ||
| 700 | 1 | |a Gászné Bősz Bernadett |e ths | |
| 856 | 4 | 0 | |u http://dolgozattar.uni-bge.hu/59547/1/%C3%9Aj_Adrienn_Szakdolgozat.pdf |z Dokumentum-elérés |
| 856 | 4 | 0 | |u http://dolgozattar.uni-bge.hu/59547/2/%C3%9Aj_Adrienn_szakdolgozati_%C3%A9rt%C3%A9kel%C5%91_G%C3%A1szn%C3%A9%20B%C5%91sz%20Bernadett.pdf |z Dokumentum-elérés |
| 856 | 4 | 0 | |u http://dolgozattar.uni-bge.hu/59547/3/%C3%9Aj%20Adrienn%20%C3%A9rt%C3%A9kel%C3%A9s.pdf |z Dokumentum-elérés |